Loading...
| Literature - British Literature | 0 | 3 | 0 | 0 | 30 | 88 | 92.33 | 2 | 3 |
| Science - Biology | 0 | 3 | 0 | 0 | 30 | 97 | 107.67 | 1 | 3 |
| Mythology | 0 | 2 | 0 | 0 | 20 | 93 | 94.50 | 0 | 2 |
| Literature - World Literature | 0 | 2 | 0 | 0 | 20 | 63 | 95.50 | 1 | 2 |
| Fine Arts - Other Fine Arts | 0 | 2 | 1 | 1 | 15 | 66 | 102.00 | 1 | 2 |
| Science - Chemistry | 0 | 2 | 1 | 0 | 15 | 106 | 110.00 | 1 | 2 |
| Literature - European Literature | 0 | 1 | 0 | 0 | 10 | 95 | 95.00 | 0 | 1 |
| History - Other History | 0 | 1 | 0 | 1 | 10 | 139 | 139.00 | 0 | 1 |
| History - European History | 0 | 1 | 0 | 0 | 10 | 56 | 56.00 | 1 | 1 |
| Pop Culture | 0 | 1 | 0 | 0 | 10 | 58 | 58.00 | 1 | 1 |
| Geography | 0 | 1 | 0 | 0 | 10 | 88 | 88.00 | 0 | 1 |
| Social Science | 0 | 2 | 2 | 0 | 10 | 117 | 120.00 | 0 | 2 |
| Science - Other Science | 0 | 1 | 0 | 1 | 10 | 119 | 119.00 | 0 | 1 |
| History - World History | 0 | 0 | 1 | 0 | -5 | 0.00 | 0 | 0 |